000 01011 a2200205 4500
001 53228
005 20260407155806.0
008 260407a1982 arg spa d
003 AR-UNSa-BCEJYS
040 _aAR-UNSa-BCEJYS
_bspa
_cAR-UNSa-BCEJYS
080 _a330.14
_xCapital
245 1 0 _aEl capital en la teoría de la distribución
020 _a84-281-0494-8
264 1 _aBarcelona :
_bOikos-tau
_c1982
300 _a251 p.
_c21 cm.
505 _aParte 1: 1. La teoría del excedente - 2. La teoría Ricardiana de la ganacia - 3. El período medio de producción en la teroría Riardiana - 4. La medición del capital circualante - 5. La medición del capital fijo - Parte II: 1. El capital en las teorías de la productividad marginal - 2. La teoría de Walras I - 3. La teoría de Walras II - 4. La teoría de Wicksell I - 5. La medición en valor del capital desiponible - 6. La teoría de Wicksell II
942 _cBK
590 _aniveau_biblio:m niveau_hierar:0
100 1 _aGaregnani, Pierangelo
999 _c5146
_d5146